| 000 | 00748nam a2200169 a 4500 | ||
|---|---|---|---|
| 008 | 111107s2011 ||||||||||||||||| || u | ||
| 020 | _a9789211012453 | ||
| 050 | _aUNO(058)MDG8/2011 | ||
| 110 | _aUnited Nations Organisation (UNO) | ||
| 245 | 1 | 0 | _aMillennium development goal 8: the global partnership for development: time to deliver: MDG Gap Task Force Report 2011 |
| 260 |
_aNew York _bUNITED NATIONS _c2011 |
||
| 300 | _axvi, 78p. ;ill. | ||
| 350 | _a0.00 | ||
| 650 | _aMILLENNIUM DEVELOPMENT GOALS | ||
| 650 | _aECONOMIC DEVELOPMENT--INTERNATIONAL COOPERATION | ||
| 995 |
_D0.00 _FCBU-MAIN LIBRARY (Kitwe) _H1 _I0.00 _M1 _UAVAILABLE _WNov 14, 2011 _ZInternational Publications |
||
| 999 |
_c51231 _d51231 |
||